书目信息 |
| 题名: |
第二国际史
|
|
| 作者: | 张友伦 著 | |
| 分册: | ||
| 出版信息: | 北京 商务印书馆 1972 |
|
| 页数: | 64页 | |
| 开本: | 20cm | |
| 丛书名: | ||
| 单 册: | ||
| 中图分类: | D14 | |
| 科图分类: | ||
| 主题词: | 第二国际--历史 | |
| 电子资源: | ||
| ISBN: | ||
| 000 | 00612nam0 2200241 45 | |
| 001 | 0189015335 | |
| 005 | 20070730162610.96 | |
| 010 | @dCNY0.14 | |
| 020 | @aCN@b89015335 | |
| 091 | @aCN@b11017.286 | |
| 100 | @a19910304d1972 m y0chiy0120 ea | |
| 101 | 0 | @achi |
| 102 | @aCN@b110000 | |
| 105 | @ay z 000yy | |
| 200 | 10 | @a第二国际史@Adi er guo ji shi@f张友伦著@Fzhou hai le zhu |
| 210 | @a北京@c商务印书馆@d1972 | |
| 215 | @a64页@d20cm | |
| 300 | @a历史知识读物 | |
| 606 | @a第二国际@x历史 | |
| 690 | @aD14@v4 | |
| 701 | 0 | @a张友伦@Azhang you lun@4著 |
| 801 | 0 | @aCN@bNLC@c20070730 |
| 905 | @dD14@e9 | |
| 第二国际史/张友伦著.-北京:商务印书馆,1972 |
| 64页;20cm |
| 历史知识读物 |
| ISBN :CNY0.14 |
| ● |
| 相关链接 |
|
|
|
|
正题名:第二国际史
索取号:D14/9
 
预约/预借
| 序号 | 登录号 | 条形码 | 馆藏地/架位号 | 状态 | 备注 |
| 1 | 0769454 | 207694547 | 第一样本阅览室/ [索取号:D14/9] | 在馆 |